[Event "Women's Olympiad"]
[Site "Dresden GER"]
[Date "2008.11.15"]
[EventDate "2008.11.13"]
[Round "3"]
[Result "1-0"]
[White "Betul Cemre Yildiz"]
[Black "Oana Caruana Pulpan"]
[WhiteElo "2219"]
[BlackElo "1682"]
[PlyCount "70"]

1. e4 c5 2. Nf3 g6 3. d4 Bg7 4. dxc5 Qa5+ 5. c3 Qxc5 6. Na3
Nf6 7. Nb5 Qb6 8. Be3 Qa5 9. Bd3 Nc6 10. O-O O-O 11. h3 d6
12. Qe2 Bd7 13. Rfd1 a6 14. Nbd4 Nxd4 15. Nxd4 Rac8 16. a4 Qh5
17. Qf1 Qa5 18. Nb3 Qd8 19. a5 Qe8 20. Nd2 Bc6 21. c4 Nd7
22. Rab1 Nc5 23. b4 Na4 24. Rdc1 Nb2 25. Be2 Na4 26. b5 Bd7
27. Bd3 Nb2 28. Nf3 Nxd3 29. Qxd3 axb5 30. cxb5 Rxc1+ 31. Bxc1
Qa8 32. Bd2 Qa7 33. Rc1 Rc8 34. Rxc8+ Bxc8 35. Bb4 Qb8 1-0

[Event "Women's Olympiad"]
[Site "Dresden GER"]
[Date "2008.11.16"]
[EventDate "2008.11.13"]
[Round "4"]
[Result "1-0"]
[White "Sabrina Vega Gutierrez"]
[Black "Betul Cemre Yildiz"]
[WhiteElo "2278"]
[BlackElo "2219"]
[PlyCount "49"]

1. e4 e5 2. Nf3 Nc6 3. d4 exd4 4. Nxd4 Qf6 5. Nb5 Bc5 6. Qe2
Bb6 7. N1c3 Nge7 8. Be3 Ba5 9. O-O-O d6 10. Nd5 Nxd5 11. exd5
Ne7 12. h4 Qe5 13. f4 Qf6 14. g4 a6 15. g5 Qg6 16. Na3 b5
17. h5 Qe4 18. Bg2 Bg4 19. Qxg4 Qxe3+ 20. Kb1 Qc5 21. f5 f6
22. h6 gxh6 23. gxf6 O-O-O 24. fxe7 Rdg8 25. Qe4 1-0

[Event "Women's Olympiad"]
[Site "Dresden GER"]
[Date "2008.11.17"]
[EventDate "2008.11.13"]
[Round "5"]
[Result "1/2-1/2"]
[White "Betul Cemre Yildiz"]
[Black "Heini Puuska"]
[WhiteElo "2219"]
[BlackElo "2008"]
[PlyCount "64"]

1. e4 e6 2. d4 d5 3. Nc3 Nf6 4. Bg5 dxe4 5. Nxe4 Nbd7 6. Nf3
Be7 7. Bxf6 Nxf6 8. Bd3 Nxe4 9. Bxe4 c5 10. dxc5 Qxd1+
11. Rxd1 Bxc5 12. Ne5 f6 13. Nc4 Rb8 14. O-O Ke7 15. c3 Bd7
16. Rfe1 b5 17. Na5 Bb6 18. Bc6 Bc8 19. Nb3 a6 20. Nd4 e5
21. Bf3 Bd7 22. Nc2 a5 23. Ne3 Be6 24. Nd5+ Bxd5 25. Rxd5 Rhd8
26. Red1 b4 27. Kf1 bxc3 28. bxc3 Bc7 29. Bg4 Rxd5 30. Rxd5
Rd8 31. Rc5 Kd6 32. Rb5 Rb8 1/2-1/2

[Event "Women's Olympiad"]
[Site "Dresden GER"]
[Date "2008.11.19"]
[EventDate "2008.11.13"]
[Round "6"]
[Result "1-0"]
[White "Jenny Astrid Chirivi Castiblanco"]
[Black "Betul Cemre Yildiz"]
[WhiteElo "2175"]
[BlackElo "2219"]
[PlyCount "107"]

1. d4 d5 2. c4 dxc4 3. e4 Nf6 4. e5 Nd5 5. Bxc4 Nb6 6. Bb3 Nc6
7. Ne2 Bf5 8. O-O e6 9. Nbc3 Qd7 10. Be3 O-O-O 11. Rc1 Kb8
12. a3 f6 13. f4 h5 14. Qe1 Na5 15. Ba2 Nac4 16. Nd1 Nxe3
17. Nxe3 Be4 18. Qf2 c6 19. Rfd1 Be7 20. Nc3 Bd5 21. Ncxd5
Nxd5 22. Bxd5 cxd5 23. Rc3 Rc8 24. Rdc1 Rxc3 25. Rxc3 Bd8
26. Nc2 f5 27. Ne1 Bb6 28. Nf3 Qa4 29. Qd2 h4 30. Kf2 Qe8
31. Qc2 Qh5 32. Ke3 Qg4 33. h3 Qg3 34. b4 a6 35. a4 Bxd4+
36. Kxd4 Qxf4+ 37. Kd3 d4 38. Rc5 Qe3+ 39. Kc4 b6 40. Rc6 Kb7
41. b5 Rd8 42. Qd3 Qf2 43. Kb3 Qxg2 44. Rxe6 axb5 45. axb5 Rc8
46. Nxd4 Qd5+ 47. Kb2 Qg2+ 48. Nc2 Rc7 49. Rd6 f4 50. e6 Qg5
51. Qd5+ Qxd5 52. Rxd5 g6 53. Nd4 Rg7 54. Nc6 1-0

[Event "Women's Olympiad"]
[Site "Dresden GER"]
[Date "2008.11.20"]
[EventDate "2008.11.13"]
[Round "7"]
[Result "0-1"]
[White "Rosemary A Giulian"]
[Black "Betul Cemre Yildiz"]
[WhiteElo "2032"]
[BlackElo "2219"]
[PlyCount "52"]

1. e4 e5 2. Nf3 Nc6 3. Bb5 a6 4. Ba4 b5 5. Bb3 Bb7 6. O-O Nf6
7. d3 Be7 8. Nc3 O-O 9. Nd5 Na5 10. Nxe7+ Qxe7 11. Re1 Nxb3
12. axb3 d6 13. Bg5 h6 14. Bd2 Nd7 15. g3 f5 16. Nh4 fxe4
17. dxe4 Qf6 18. Nf5 Kh7 19. f3 d5 20. g4 dxe4 21. fxe4 Nc5
22. Ng3 Qf2+ 23. Kh1 Rad8 24. Re2 Qf3+ 25. Kg1 Nxe4 26. Nf5
Qxg4+ 0-1

[Event "Women's Olympiad"]
[Site "Dresden GER"]
[Date "2008.11.21"]
[EventDate "2008.11.13"]
[Round "8"]
[Result "1/2-1/2"]
[White "Betul Cemre Yildiz"]
[Black "Anna-Christina Kopinits"]
[WhiteElo "2219"]
[BlackElo "2270"]
[PlyCount "120"]

1. e4 c5 2. Nf3 Nc6 3. Bb5 g6 4. O-O Bg7 5. c3 Nf6 6. Re1 O-O
7. h3 e5 8. d3 d6 9. Nbd2 a6 10. Bxc6 bxc6 11. Nc4 Qc7 12. Be3
a5 13. Qd2 Rb8 14. Bh6 Bxh6 15. Qxh6 Nh5 16. Rad1 f6 17. Rd2
Be6 18. Red1 a4 19. Kh2 Rb7 20. Rc2 Qe7 21. Qd2 Nf4 22. Na5
Rb6 23. b3 axb3 24. Rb2 Qd7 25. Ng1 Qa7 26. Nxb3 Qa3 27. Rdb1
c4 28. dxc4 Bxc4 29. Nc1 Rxb2 30. Rxb2 Rf7 31. g3 Ne6 32. Nge2
Qc5 33. Kg2 Kg7 34. Nb3 Qa3 35. Nbc1 Ng5 36. f3 d5 37. h4 Ne6
38. Rb4 Nc7 39. Nb3 Ne6 40. Nec1 Qa7 41. exd5 cxd5 42. a4 f5
43. a5 f4 44. Rb6 Qe7 45. Qe1 e4 46. g4 Nc5 47. Nd4 Bd3
48. Rc6 exf3+ 49. Nxf3 Be4 50. Qf2 Bxf3+ 51. Qxf3 Ne4 52. g5
Qa3 53. Ne2 Qxa5 54. Nxf4 Qa2+ 55. Kh3 Rxf4 56. Qxf4 Nf2+
57. Kg3 Ne4+ 58. Kh3 Nf2+ 59. Kg3 Ne4+ 60. Kh3 Nf2+ 1/2-1/2

[Event "Women's Olympiad"]
[Site "Dresden GER"]
[Date "2008.11.22"]
[EventDate "2008.11.13"]
[Round "9"]
[Result "1-0"]
[White "Betul Cemre Yildiz"]
[Black "Sonia Zepeda"]
[WhiteElo "2219"]
[BlackElo "2118"]
[PlyCount "49"]

1. e4 c5 2. Nf3 Nc6 3. Bb5 e6 4. O-O Nge7 5. b3 a6 6. Bxc6
Nxc6 7. Bb2 d6 8. d4 cxd4 9. Nxd4 e5 10. Ne2 Be7 11. Nbc3 Be6
12. Nd5 Bxd5 13. Qxd5 Qc7 14. Qd2 O-O 15. Nc3 Rad8 16. Nd5 Qb8
17. f4 Rfe8 18. f5 Bf8 19. Qg5 Kh8 20. f6 g6 21. Rf3 Nd4
22. Rh3 Qc8 23. Qh4 h6 24. Bxd4 exd4 25. Ne7 1-0

[Event "Women's Olympiad"]
[Site "Dresden GER"]
[Date "2008.11.23"]
[EventDate "2008.11.13"]
[Round "10"]
[Result "1-0"]
[White "Mariya Sergeyeva"]
[Black "Betul Cemre Yildiz"]
[WhiteElo "2325"]
[BlackElo "2219"]
[PlyCount "119"]

1. e4 e5 2. Nf3 Nc6 3. Bb5 a6 4. Ba4 Nf6 5. Nc3 b5 6. Bb3 Be7
7. a4 b4 8. Nd5 O-O 9. d3 Bb7 10. a5 Nd4 11. Nxd4 exd4
12. Nxe7+ Qxe7 13. O-O d5 14. Re1 dxe4 15. dxe4 Qd7 16. e5 Ne4
17. Ra4 Nc5 18. Rxb4 Nxb3 19. Rxb3 Qd5 20. Rg3 Rfe8 21. Bg5
Kh8 22. f4 Qxa5 23. Rf1 Be4 24. Qh5 Qd5 25. Bf6 gxf6 26. Qh6
Bg6 27. f5 fxe5 28. fxg6 fxg6 29. Rgf3 Kg8 30. Rf6 Qe4 31. Rf7
Qe3+ 32. Qxe3 dxe3 33. Rxc7 Rf8 34. Re1 Rad8 35. h4 Rd2
36. Rxe3 Rff2 37. Rxe5 Rxg2+ 38. Kf1 Rdf2+ 39. Ke1 Kf8 40. Rd5
Ke8 41. Rdc5 Re2+ 42. Kd1 Ref2 43. Re5+ Kd8 44. Rc4 h6 45. b3
g5 46. hxg5 hxg5 47. Kc1 g4 48. Rg5 g3 49. Rg7 Rg1+ 50. Kb2 g2
51. Rb4 Kc8 52. Rbg4 Re2 53. R4g6 a5 54. Rg5 Kb8 55. Rb5+ Kc8
56. Rxa5 Kb8 57. Rag5 Rf2 58. Re5 Rf8 59. Re2 Rgf1 60. Rexg2
1-0

[Event "Women's Olympiad"]
[Site "Dresden GER"]
[Date "2008.11.25"]
[EventDate "2008.11.13"]
[Round "11"]
[Result "1-0"]
[White "Betul Cemre Yildiz"]
[Black "Ilze Berzina"]
[WhiteElo "2219"]
[BlackElo "2320"]
[PlyCount "73"]

1. e4 c6 2. d4 d5 3. Nd2 dxe4 4. Nxe4 Nd7 5. Bc4 Ngf6 6. Ng5
e6 7. Qe2 Nb6 8. Bb3 h6 9. N5f3 Be7 10. Be3 a5 11. a3 O-O
12. c4 Nbd7 13. Ne5 c5 14. Ngf3 Qc7 15. O-O b6 16. Bf4 Nh5
17. Bd2 Nhf6 18. Nxd7 Bxd7 19. Bc3 Bc6 20. dxc5 bxc5 21. Ne5
Bb7 22. Bc2 Bd6 23. h3 Rfd8 24. Rae1 Rab8 25. f4 Re8 26. Bb1
Nh7 27. Nxf7 Qxf7 28. Qd3 Nf6 29. Qxd6 Nd7 30. Rd1 Nf8 31. f5
e5 32. f6 g6 33. Bxe5 Rbc8 34. Rfe1 Qxc4 35. f7+ Qxf7 36. Rf1
Qe7 37. Rxf8+ 1-0

[Event "FIDE Women's Grand Prix"]
[Site "Instanbul TUR"]
[Date "2009.03.07"]
[EventDate "2009.03.07"]
[Round "1"]
[Result "0-1"]
[White "Betul Cemre Yildiz"]
[Black "Antoaneta Stefanova"]
[WhiteElo "2214"]
[BlackElo "2557"]
[PlyCount "148"]

1. e4 g6 2. d4 Bg7 3. f3 d5 4. e5 c5 5. c3 Qb6 6. Bd3 Nc6
7. Ne2 h5 8. Bc2 Nh6 9. dxc5 Qxc5 10. Nf4 Nxe5 11. Qxd5 Qb6
12. Na3 Bd7 13. Qb3 Qa6 14. Nd5 Rc8 15. Bg5 f6 16. Bf4 Nd3+
17. Bxd3 Qxd3 18. Rd1 Qf5 19. Nc7+ Rxc7 20. Bxc7 h4 21. Rd5
Qe6+ 22. Kf2 Qc6 23. Qc4 Nf7 24. Rc5 Qe6 25. Re1 Qxc4 26. Rxc4
e5 27. Rd4 Bf8 28. b4 h3 29. g3 Ng5 30. Bd6 Bh6 31. Nc4 Bc6
32. Rd3 Kf7 33. Nd2 Rd8 34. c4 Ne6 35. Ne4 f5 36. Nc5 e4
37. fxe4 Nxc5 38. bxc5 fxe4 39. Rd4 e3+ 40. Rxe3 Bxe3+
41. Kxe3 g5 42. Rd2 Re8+ 43. Kf2 Re4 44. Rc2 Kg6 45. Rc3 Kh5
46. Rc2 Kg4 47. Rc3 a5 48. Bc7 a4 49. Bd6 Bd7 50. Rc1 Bf5
51. Rc3 Rd4 52. Ke2 Be6 53. a3 Kf5 54. g4+ Kxg4 55. Ke3 Rd1
56. Ke4 Bf5+ 57. Ke5 Re1+ 58. Kf6 Re6+ 59. Kf7 Re2 60. Kf6 Bd7
61. Be5 Rf2+ 62. Kg6 Be8+ 63. Kh6 Kf5 64. Bd6 g4 65. Re3 Bc6
66. Kg7 Be4 67. Rc3 Rf3 68. Rc1 Bc6 69. Ra1 g3 70. hxg3 Kg4
71. Rd1 Re3 72. Rd4+ Be4 73. Rd2 Bg2 74. Rd4+ Re4 0-1

[Event "FIDE Women's Grand Prix"]
[Site "Instanbul TUR"]
[Date "2009.03.08"]
[EventDate "2009.03.07"]
[Round "2"]
[Result "1-0"]
[White "Pia Cramling"]
[Black "Betul Cemre Yildiz"]
[WhiteElo "2548"]
[BlackElo "2214"]
[PlyCount "43"]

1. d4 d5 2. c4 dxc4 3. Nf3 c5 4. e3 cxd4 5. Bxc4 Qc7 6. Bb3 e6
7. O-O d3 8. Qxd3 Nf6 9. Nc3 Nbd7 10. Qe2 a6 11. e4 Nc5
12. Bc2 b5 13. Bd2 Bb7 14. Rfc1 Qd8 15. b4 Ncd7 16. a4 bxa4
17. Bxa4 Bxb4 18. Nd5 Bd6 19. Nxf6+ gxf6 20. Qd3 Qe7 21. Rab1
Rb8 22. Rxb7 1-0

[Event "FIDE Women's Grand Prix"]
[Site "Instanbul TUR"]
[Date "2009.03.09"]
[EventDate "2009.03.07"]
[Round "3"]
[Result "1/2-1/2"]
[White "Betul Cemre Yildiz"]
[Black "Koneru Humpy"]
[WhiteElo "2214"]
[BlackElo "2621"]
[PlyCount "244"]

1. e4 c5 2. Nf3 Nc6 3. Bb5 e6 4. O-O Nge7 5. b3 a6 6. Bxc6
Nxc6 7. Bb2 b5 8. a4 b4 9. d3 d6 10. Nbd2 e5 11. Ne1 Be7
12. f4 exf4 13. Rxf4 O-O 14. Rf1 f5 15. Nef3 Be6 16. Qe2 Qd7
17. Rae1 Qa7 18. Nc4 Rae8 19. Qd2 f4 20. Qf2 Qc7 21. Ncd2 Ne5
22. h3 Bf6 23. Ba1 Bc8 24. d4 cxd4 25. Nxd4 Ng6 26. N4f3 Ne5
27. Nd4 Bb7 28. Kh1 Ng6 29. N4f3 Bxa1 30. Rxa1 Bxe4 31. Qd4
Bxf3 32. Nxf3 Qxc2 33. Qxb4 d5 34. Qb7 Ne7 35. Rfe1 Qb2
36. Qxa6 Nf5 37. Rab1 Rxe1+ 38. Rxe1 Ne3 39. Qe6+ Kh8 40. Rg1
Qxb3 41. Ne5 Qb7 42. a5 Qc7 43. a6 Nc4 44. Nd7 Ra8 45. Re1 Ne3
46. Ne5 h6 47. Ng6+ Kh7 48. Ne7 Qc2 49. Rg1 Qe4 50. Qxe4+ dxe4
51. Ra1 Nc2 52. Ra2 Nb4 53. Ra4 Nxa6 54. Rxe4 Re8 55. Ra4 Nc5
56. Rc4 Nd3 57. Nd5 Re1+ 58. Kh2 g5 59. h4 Nf2 60. Nxf4 gxf4
61. Rxf4 Ne4 62. g4 Re2+ 63. Kg1 Kg6 64. Rf8 Rc2 65. Rf4 Ng3
66. Ra4 Ne2+ 67. Kf1 Ng3+ 68. Kg1 Re2 69. Ra6+ Kg7 70. Ra7+
Kf6 71. g5+ hxg5 72. hxg5+ Kxg5 73. Ra4 Kf5 74. Rb4 Ra2
75. Rc4 Ne4 76. Rb4 Kf4 77. Rb8 Ng3 78. Rb4+ Kf3 79. Rb3+ Kg4
80. Rb8 Nh5 81. Rb3 Nf4 82. Kf1 Ng2 83. Rc3 Kf4 84. Rc8 Kf3
85. Rf8+ Nf4 86. Ke1 Ke3 87. Re8+ Kd4 88. Rd8+ Nd5 89. Kf1 Rb2
90. Re8 Nf6 91. Rd8+ Ke3 92. Kg1 Ng4 93. Rf8 Nh2 94. Re8+ Kf4
95. Rf8+ Kg3 96. Rg8+ Ng4 97. Kf1 Ra2 98. Ke1 Kf3 99. Rf8+ Ke4
100. Re8+ Ne5 101. Kf1 Rb2 102. Kg1 Re2 103. Kf1 Kf3 104. Rf8+
Ke3 105. Re8 Kd2 106. Ra8 Ke3 107. Re8 Rf2+ 108. Kg1 Rf5
109. Kg2 Ke4 110. Ra8 Rg5+ 111. Kf1 Ke3 112. Re8 Rh5 113. Kg2
Rf5 114. Ra8 Rg5+ 115. Kf1 Nd3 116. Re8+ Kf3 117. Rf8+ Nf4
118. Rf7 Rd5 119. Kg1 Rd1+ 120. Kh2 Rd8 121. Kg1 Rh8 122. Rf6
Rg8+ 1/2-1/2

[Event "FIDE Women's Grand Prix"]
[Site "Instanbul TUR"]
[Date "2009.03.10"]
[EventDate "2009.03.07"]
[Round "4"]
[Result "0-1"]
[White "Betul Cemre Yildiz"]
[Black "Martha Lorena Fierro Baquero"]
[WhiteElo "2214"]
[BlackElo "2403"]
[PlyCount "102"]

1. e4 c5 2. Nf3 g6 3. d4 cxd4 4. Nxd4 Nc6 5. c4 Nf6 6. Nc3
Nxd4 7. Qxd4 d6 8. Be2 Bg7 9. Bg5 O-O 10. Qd2 a5 11. Rc1 a4
12. f3 Qa5 13. O-O Be6 14. Nd5 Qxd2 15. Bxd2 Bxd5 16. cxd5 Nd7
17. Bc3 Rfc8 18. Bxg7 Kxg7 19. Kf2 Nc5 20. Ke3 f5 21. Rc3 Kf6
22. Rfc1 fxe4 23. fxe4 Ke5 24. b4 axb3 25. axb3 Ra3 26. Bd1
Rca8 27. Bc2 b5 28. Rb1 Rf8 29. Ke2 Rf4 30. g3 Rf8 31. h4 h6
32. Re3 Ra2 33. Rc1 Na6 34. Rf3 Rc8 35. Kd1 Nc5 36. Rf7 Rc7
37. h5 gxh5 38. Rf5+ Kd4 39. Rxh5 Rc8 40. Rf5 Rg8 41. b4 Nd3
42. Bxd3 Kxd3 43. Rf3+ Kxe4 44. Rcc3 Kxd5 45. Rcd3+ Ke6
46. Rde3+ Kd7 47. Rf7 Re8 48. Rh7 Rb2 49. Re4 Rg2 50. g4 d5
51. Rd4 Ra8 0-1

[Event "FIDE Women's Grand Prix"]
[Site "Instanbul TUR"]
[Date "2009.03.12"]
[EventDate "2009.03.07"]
[Round "5"]
[Result "1-0"]
[White "Yifan Hou"]
[Black "Betul Cemre Yildiz"]
[WhiteElo "2571"]
[BlackElo "2214"]
[PlyCount "77"]

1. e4 e5 2. Nf3 Nc6 3. Bb5 a6 4. Ba4 Nf6 5. O-O b5 6. Bb3 Bb7
7. d3 Be7 8. a4 O-O 9. Re1 d6 10. Nbd2 h6 11. Nf1 Re8 12. Bd2
Bf8 13. Ng3 Nb8 14. Qb1 Qd7 15. c4 bxc4 16. Bxc4 c5 17. b4
cxb4 18. Bxb4 Nc6 19. Bc3 Rac8 20. h3 Nd8 21. Qa2 Ne6 22. Rab1
Nc5 23. Ba1 Bc6 24. a5 Bb5 25. Bxb5 axb5 26. Qd2 Ra8 27. Bc3
Qb7 28. Qe2 Rec8 29. Bd2 Na6 30. d4 b4 31. dxe5 dxe5 32. Nxe5
Qc7 33. Ng4 Nxg4 34. Qxg4 Kh7 35. e5 Qxa5 36. e6 Rd8 37. e7
Bxe7 38. Rxe7 Rxd2 39. Qe4+ 1-0

[Event "FIDE Women's Grand Prix"]
[Site "Instanbul TUR"]
[Date "2009.03.13"]
[EventDate "2009.03.07"]
[Round "6"]
[Result "0-1"]
[White "Betul Cemre Yildiz"]
[Black "Zhao Xue"]
[WhiteElo "2214"]
[BlackElo "2508"]
[PlyCount "94"]

1. e4 d6 2. d4 Nf6 3. f3 Nbd7 4. c4 e5 5. Ne2 c6 6. Nbc3 a6
7. a4 a5 8. Be3 Be7 9. Ng3 g6 10. Be2 h5 11. O-O h4 12. Nh1
Nh5 13. Qd2 O-O 14. Nf2 Re8 15. Ng4 Ndf6 16. Nxf6+ Bxf6
17. Rad1 exd4 18. Bxd4 Bxd4+ 19. Qxd4 Qg5 20. Rf2 Be6 21. Bf1
Rad8 22. Ne2 Qe5 23. Nc3 Qxd4 24. Rxd4 Kf8 25. Rfd2 Ke7
26. Kf2 Nf4 27. Rd1 Bc8 28. R4d2 Ne6 29. g3 hxg3+ 30. hxg3 Nc5
31. f4 Be6 32. Kf3 Rh8 33. g4 f6 34. Kg3 g5 35. f5 Bf7 36. Kf3
Rd7 37. Kg3 Ra8 38. Rh2 Ra6 39. Rhd2 Rb6 40. Rb1 Rb3 41. Kg2
Rb4 42. Na2 Rxa4 43. b3 Ra3 44. Nc1 a4 45. b4 Nxe4 46. Re2 d5
47. b5 Rd8 0-1

[Event "FIDE Women's Grand Prix"]
[Site "Instanbul TUR"]
[Date "2009.03.14"]
[EventDate "2009.03.07"]
[Round "7"]
[Result "1-0"]
[White "Marie Sebag"]
[Black "Betul Cemre Yildiz"]
[WhiteElo "2529"]
[BlackElo "2214"]
[PlyCount "121"]

1. e4 e5 2. Nf3 Nc6 3. Bb5 a6 4. Ba4 Nf6 5. O-O b5 6. Bb3 Bb7
7. d3 Be7 8. a4 O-O 9. Re1 d6 10. Nbd2 Nd7 11. c3 Nc5 12. Bc2
Nxa4 13. Bxa4 bxa4 14. Rxa4 Kh8 15. d4 exd4 16. cxd4 Qd7
17. Nf1 f5 18. exf5 Rxf5 19. Ne3 Rff8 20. d5 Ne5 21. Nxe5 dxe5
22. Bd2 Rf4 23. Ra1 Raf8 24. Rf1 Bc5 25. Qb3 Bxe3 26. Bxe3
Bxd5 27. Rfd1 Bxb3 28. Rxd7 R4f7 29. Rxf7 Rxf7 30. Rxa6 Bd5
31. h3 Kg8 32. Bd2 Re7 33. Ra7 Kf7 34. Bb4 c5 35. Ra5 cxb4
36. Rxd5 Rc7 37. Rxe5 Rc1+ 38. Kh2 Rc2 39. b3 Rc3 40. Re3 Kf6
41. Kg3 Kf5 42. Kf3 Rc2 43. g4+ Kf6 44. Kg3 g5 45. f4 gxf4+
46. Kxf4 h6 47. h4 Rf2+ 48. Kg3 Rb2 49. Rf3+ Kg6 50. Kf4 Rg2
51. Rd3 Rb2 52. Ke4 Rg2 53. Rd6+ Kg7 54. Kf4 Rb2 55. Rd3 Kg6
56. Ke5 Re2+ 57. Kd5 Rb2 58. Kc4 Rh2 59. Rd6+ Kg7 60. h5 Rg2
61. Rg6+ 1-0

[Event "FIDE Women's Grand Prix"]
[Site "Instanbul TUR"]
[Date "2009.03.15"]
[EventDate "2009.03.07"]
[Round "8"]
[Result "0-1"]
[White "Betul Cemre Yildiz"]
[Black "Elina Danielian"]
[WhiteElo "2214"]
[BlackElo "2496"]
[PlyCount "126"]

1. e4 c6 2. d4 d5 3. Nd2 dxe4 4. Nxe4 Nd7 5. Bc4 e6 6. Nf3
Ngf6 7. Nxf6+ Nxf6 8. O-O Bd6 9. Bg5 Qc7 10. Qe2 Nd5 11. Rfe1
O-O 12. Rad1 b6 13. c3 Bb7 14. Bd3 Nf4 15. Bxf4 Bxf4 16. Ne5
g6 17. Qg4 Bxe5 18. Rxe5 c5 19. h4 cxd4 20. cxd4 Bd5 21. b3
Rac8 22. Ba6 Rcd8 23. h5 Qe7 24. Bc4 Bxc4 25. bxc4 Qf6 26. Qe2
Kg7 27. Qe3 gxh5 28. Rxh5 Kh8 29. g3 Rg8 30. Kg2 Rg7 31. d5
exd5 32. cxd5 Qg6 33. Rdh1 Kg8 34. Rh6 Qg5 35. Rd6 Rf8 36. Qe4
Rg6 37. Rd7 Rd8 38. Qa4 Rxd7 39. Qxd7 Qe5 40. Qc8+ Kg7 41. Qc4
b5 42. Qxb5 Qe4+ 43. Kg1 Rb6 44. Rh4 Qxh4 45. Qxb6 Qxg3+
46. fxg3 axb6 47. Kf2 Kf6 48. Kf3 Ke5 49. Kg4 Kxd5 50. Kf5 b5
51. Kf6 b4 52. Kxf7 Kd4 53. Ke6 h5 54. Kd6 Ke4 55. Kc5 Kf3
56. Kxb4 Kxg3 57. a4 h4 58. Kb5 h3 59. Kb6 h2 60. a5 h1=Q
61. Ka7 Qh7+ 62. Kb8 Qb1+ 63. Ka7 Qb5 0-1

[Event "FIDE Women's Grand Prix"]
[Site "Instanbul TUR"]
[Date "2009.03.18"]
[EventDate "2009.03.07"]
[Round "10"]
[Result "0-1"]
[White "Betul Cemre Yildiz"]
[Black "Maia Chiburdanidze"]
[WhiteElo "2214"]
[BlackElo "2516"]
[PlyCount "70"]

1. e4 c6 2. d4 g6 3. c3 Bg7 4. Bd3 d6 5. f4 e5 6. Nf3 exd4
7. Nxd4 Nf6 8. O-O O-O 9. Kh1 Nbd7 10. Nb3 Re8 11. Qf3 b6
12. Be3 Bb7 13. N1d2 c5 14. Bg1 Qc7 15. Rae1 a6 16. c4 b5
17. cxb5 axb5 18. Bxb5 Rxa2 19. Qd3 Rxb2 20. Nc4 Bxe4 21. Rxe4
Nxe4 22. Nxb2 Bxb2 23. Re1 d5 24. Qxd5 Ndf6 25. Qd1 Rb8
26. Bc4 Qxf4 27. Qc2 Ng3+ 28. hxg3 Qh6+ 29. Bh2 Ng4 30. Bxf7+
Kg7 31. Qxb2+ Kxf7 32. Re7+ Kxe7 33. Qe2+ Ne3 34. Nd2 Rb2
35. Qd3 Rxd2 0-1

[Event "FIDE Women's Grand Prix"]
[Site "Instanbul TUR"]
[Date "2009.03.19"]
[EventDate "2009.03.07"]
[Round "11"]
[Result "1/2-1/2"]
[White "Zeinab Mamedjarova"]
[Black "Betul Cemre Yildiz"]
[WhiteElo "2362"]
[BlackElo "2214"]
[PlyCount "104"]

1. d4 d5 2. Nf3 c5 3. e3 Nf6 4. b3 e6 5. Bd3 b6 6. O-O Nbd7
7. Ne5 Bb7 8. Nd2 Be7 9. Qf3 O-O 10. Qh3 Ne4 11. f3 Ng5
12. Qg3 f6 13. Nxd7 Qxd7 14. Bb2 b5 15. h4 Nf7 16. dxc5 Bxc5
17. Bd4 Rac8 18. Bxc5 Rxc5 19. b4 Rcc8 20. Nb3 Ne5 21. Nc5 Qc6
22. a4 bxa4 23. Rxa4 Nd7 24. Rxa7 Nxc5 25. bxc5 Ra8 26. Rxa8
Rxa8 27. Rb1 e5 28. h5 Bc8 29. h6 Ra7 30. hxg7 Rxg7 31. Qh4 e4
32. fxe4 Qxc5 33. exd5 Qxe3+ 34. Qf2 Qe5 35. Re1 Qc3 36. Qe3
Kh8 37. Qe8+ Rg8 38. Qe4 Bf5 39. Qe3 Bxd3 40. cxd3 Qb2 41. Qe4
Rg5 42. d4 Qb6 43. Rc1 Re5 44. Rc8+ Kg7 45. Qg4+ Rg5 46. Qd7+
Kh6 47. Qh3+ Kg7 48. Rc4 Qb1+ 49. Kh2 Qb8+ 50. Kg1 Qb1+
51. Kh2 Qb8+ 52. Kg1 Qb1+ 1/2-1/2

[Event "Nanjing Women's FIDE Grand Prix"]
[Site "Nanjing CHN"]
[Date "2009.09.29"]
[EventDate "2009.09.28"]
[Round "2"]
[Result "0-1"]
[White "Betul Cemre Yildiz"]
[Black "Nana Dzagnidze"]
[WhiteElo "2224"]
[BlackElo "2535"]
[PlyCount "92"]

1. e4 g6 2. d4 Bg7 3. c4 Nc6 4. Be3 d6 5. Nc3 e5 6. Nge2 f5
7. exf5 Bxf5 8. d5 Nce7 9. Ng3 Nf6 10. Be2 O-O 11. O-O c5
12. a3 Bd7 13. b4 b6 14. Rb1 Nf5 15. Nxf5 gxf5 16. f3 Qe8
17. bxc5 dxc5 18. a4 Qg6 19. Qc2 e4 20. f4 Ne8 21. a5 Bd4
22. Qd2 Qf6 23. Nd1 Nd6 24. Kh1 Rfb8 25. Qa2 Kg7 26. Bd2 b5
27. cxb5 Bxb5 28. Bxb5 Rxb5 29. Ne3 Rab8 30. Nc2 a6 31. Rxb5
Rxb5 32. Rb1 Bc3 33. Rxb5 Nxb5 34. Be3 Nd4 35. Qa4 Nxc2
36. Qxc2 Bd4 37. Bc1 Qh4 38. Qe2 Qf2 39. Qxf2 Bxf2 40. g3 Kf7
41. Kg2 Be1 42. Kf1 Bxa5 43. Ke2 h5 44. h3 Bc3 45. g4 hxg4
46. hxg4 fxg4 0-1

[Event "Nanjing Women's FIDE Grand Prix"]
[Site "Nanjing CHN"]
[Date "2009.09.30"]
[EventDate "2009.09.28"]
[Round "3"]
[Result "1-0"]
[White "Ju Wenjun"]
[Black "Betul Cemre Yildiz"]
[WhiteElo "2443"]
[BlackElo "2224"]
[PlyCount "79"]

1. d4 d5 2. c4 dxc4 3. e4 e5 4. Nf3 Bb4+ 5. Nc3 exd4 6. Qxd4
Qxd4 7. Nxd4 Nf6 8. f3 Bc5 9. Be3 Nc6 10. Nc2 Bxe3 11. Nxe3
Be6 12. O-O-O Nd7 13. Ned5 O-O-O 14. Bxc4 a6 15. f4 Rhe8
16. e5 Ne7 17. Nxe7+ Rxe7 18. Bd3 g6 19. Rhf1 f6 20. exf6 Nxf6
21. Rfe1 Rde8 22. Rd2 Bd7 23. Rxe7 Rxe7 24. h3 Nh5 25. Rf2 Ng7
26. Kd2 Ne6 27. g4 Nd4 28. Nd5 Rf7 29. Ke3 Nc6 30. f5 gxf5
31. Bxf5 b5 32. Be4 Rg7 33. Rf8+ Nd8 34. Nf6 c5 35. Nxh7 Kc7
36. Nf6 Ne6 37. Ra8 Kd6 38. Rxa6+ Ke5 39. Nxd7+ Rxd7 40. Rxe6+
1-0

[Event "Nanjing Women's FIDE Grand Prix"]
[Site "Nanjing CHN"]
[Date "2009.10.01"]
[EventDate "2009.09.28"]
[Round "4"]
[Result "1-0"]
[White "Zhao Xue"]
[Black "Betul Cemre Yildiz"]
[WhiteElo "2542"]
[BlackElo "2224"]
[PlyCount "61"]

1. c4 e5 2. Nc3 Nf6 3. Nf3 Nc6 4. g3 d5 5. cxd5 Nxd5 6. Bg2
Nb6 7. O-O Be7 8. a3 a5 9. d3 O-O 10. Be3 Be6 11. Bxb6 cxb6
12. Rc1 f6 13. Nd2 Rc8 14. Nc4 Rf7 15. Re1 Bf8 16. Qb3 Bc5
17. Nb5 f5 18. e3 Qf6 19. Qc3 Rd8 20. Nxe5 Bb4 21. axb4 axb4
22. Nxf7 bxc3 23. Nxd8 cxb2 24. Rb1 Qxd8 25. Red1 Qf6 26. Rd2
Nb4 27. Nd4 Bd5 28. Rdxb2 Bxg2 29. Rxb4 Bd5 30. Rb5 Qd6
31. Nxf5 1-0

[Event "Nanjing Women's FIDE Grand Prix"]
[Site "Nanjing CHN"]
[Date "2009.10.04"]
[EventDate "2009.09.28"]
[Round "6"]
[Result "1-0"]
[White "Baira Kovanova"]
[Black "Betul Cemre Yildiz"]
[WhiteElo "2408"]
[BlackElo "2224"]
[PlyCount "79"]

1. e4 e5 2. Nf3 Nc6 3. Bc4 Nf6 4. d3 Be7 5. O-O O-O 6. Re1 d6
7. a4 Be6 8. Nc3 Qd7 9. h3 Ne8 10. a5 a6 11. Nd5 Kh8 12. c3 f5
13. exf5 Bxf5 14. d4 exd4 15. Nxd4 Bh4 16. Nf3 Bd8 17. Bf4 Nf6
18. Ne3 Be6 19. Bh2 Bxc4 20. Nxc4 Qf7 21. Qb3 Rb8 22. Ng5 Qh5
23. Ne6 Re8 24. Bxd6 cxd6 25. Nxd6 Nxa5 26. Qa2 h6 27. Nxe8
Bb6 28. Nxf6 gxf6 29. b4 Nc6 30. Qe2 Qf5 31. Qd2 Qg6 32. Nf4
Qg5 33. h4 Qg7 34. h5 Ne5 35. Rxe5 fxe5 36. Ng6+ Kh7 37. Qc2
Kg8 38. Qf5 Re8 39. Rd1 Qc7 40. Rd7 1-0

[Event "Nanjing Women's FIDE Grand Prix"]
[Site "Nanjing CHN"]
[Date "2009.10.05"]
[EventDate "2009.09.28"]
[Round "7"]
[Result "0-1"]
[White "Betul Cemre Yildiz"]
[Black "Marie Sebag"]
[WhiteElo "2224"]
[BlackElo "2519"]
[PlyCount "114"]

1. e4 c5 2. Nf3 Nc6 3. Bb5 d6 4. Bxc6+ bxc6 5. O-O Bg4 6. c3
Nf6 7. Re1 e6 8. d4 cxd4 9. cxd4 Be7 10. Nc3 O-O 11. Qd3 Nd7
12. b3 d5 13. Bb2 Bxf3 14. Qxf3 Nf6 15. Rac1 Qa5 16. Re2 dxe4
17. Nxe4 Nd5 18. Nc5 Bg5 19. Rd1 Qc7 20. g3 Rfd8 21. Nd3 Bf6
22. Rc2 Ne7 23. Nb4 Rac8 24. Rdc1 Rd6 25. Ba3 Qa5 26. Nxc6
Rcxc6 27. Bxd6 Rxd6 28. Rc7 h6 29. Qa8+ Kh7 30. Qf8 Qg5 31. h4
Qd2 32. Rf1 Qxd4 33. Rxe7 Bxe7 34. Qxe7 Rd7 35. Qe8 Rc7
36. Qb5 Rc3 37. Kh2 Rc2 38. Kg1 Rxa2 39. Qb7 Qf6 40. Qe4+ g6
41. h5 a5 42. hxg6+ Qxg6 43. Qe5 Qg5 44. Qe4+ Kg7 45. Rd1 Rd2
46. Re1 Rd5 47. Qc4 Qd2 48. Ra1 h5 49. Qe4 Rf5 50. Rf1 Qd5
51. Qa4 Qc5 52. Qe4 Qc3 53. Qa4 Rd5 54. Ra1 Rd4 55. Qa3 Rd3
56. Rc1 Qd4 57. Kf1 Rd2 0-1